Mike Oldfield - Moonlight Shadow (All lyrics) - Statistics

General Stats
  • This quiz has been taken 119 times
  • The average score is 226 of 266
Answer Stats
Answer % Correct
a
100%
I
100%
moonlight
100%
shadow
100%
by
98%
in
98%
The
98%
the
98%
away
97%
Carried
97%
He
97%
on
95%
she
95%
to
93%
and
91%
And
91%
Far
91%
far
91%
night
91%
night?
91%
through
88%
was
88%
him
86%
other
86%
push
86%
saw
86%
See
86%
side
86%
couldn't
84%
how
84%
you
84%
last
83%
heaven
81%
pray
79%
stay,
79%
day
78%
me
78%
of
78%
one
78%
that
78%
times
78%
ever
76%
find
74%
man
74%
middle
74%
morning
74%
shot
74%
six
74%
But
72%
fight
72%
desperate
66%
evening
66%
a.m.
62%
gun
62%
Lost
62%
Saturday
62%
this
62%
whisper
62%
caught
60%
Caught
60%
come
59%
run
59%
Sing
59%
song
59%
with
59%
passed
57%
All
55%
trees
55%
warning
55%
Will
55%
Four
53%
silhouette
53%
talk
52%
alive
50%
hundred
50%
worried
50%
air
48%
heavy
48%
watched
48%
five
47%
grieving
45%
sorrow
45%
your
45%
vision
41%
forming
38%
riddle
38%
silvery
33%
Stars
33%
slowly
16%
move
12%
No matching quizzes found
Score Distribution
Percent of People with Each Score
Percentile by Number Answered
Your Score History
You have not taken this quiz